| 000 | 00703nam a22002057a 4500 | ||
|---|---|---|---|
| 005 | 20260616105944.0 | ||
| 010 | _aENG-148856 | ||
| 020 |
_c400.00 _a9788119664870 |
||
| 035 | _aEN-132388 | ||
| 037 | _bDBAD | ||
| 082 |
_a280.61 _21 |
||
| 100 |
_aRoy Lazer A. _989399 |
||
| 245 |
_aA Theory of Religious Praxis/ _cRoy Lazer A. |
||
| 250 | _a1 | ||
| 260 |
_bATC Publishers _aBengaluru _c2024 |
||
| 270 |
_aSt's Mary Block, Archdiocesan,Pastoral Center,#5, Nandidurga Road,Benson Town _bBengaluru _e560046 _k+918025491999 _k7090100444 _minfo@atcpublishers.com |
||
| 300 |
_a349p. _c21cm(pb) |
||
| 500 | _aAn introduction To Practical Theology in India | ||
| 942 |
_2ddc _cEN _h280.61 _mROY |
||
| 999 |
_c216674 _d216674 |
||